| 000 | 00550nam a22001937a 4500 | ||
|---|---|---|---|
| 999 |
_c8021 _d8021 |
||
| 003 | OSt | ||
| 005 | 20220831112718.0 | ||
| 008 | 220831b ||||| |||| 00| 0 eng d | ||
| 020 | _a1560221399 | ||
| 040 | _cddc | ||
| 082 | _a633 PLA 2005 | ||
| 100 |
_aWilliam C. Price; Naureen Rana _916312 |
||
| 245 | _aPlantations and protected areas in sustainable forestry. | ||
| 260 |
_aHaworth: _bFood pruduction press; _c2005 |
||
| 300 |
_a156; _c24cm |
||
| 504 | _aIndex included. | ||
| 650 |
_aPlantations and protected areas. _916313 |
||
| 942 |
_2ddc _cBOOK |
||